Nazwij postać z serialu "Miodowe Lata" - Statystyki

Ogólne statystyki
  • Ten quiz został rozwiązany 182 razy
  • Średni wynik to 12 z 19
Statystyki odpowiedzi
Obrazkowy Odpowiedź % Poprawnych
Karol Krawczyk
99%
Tadeusz Norek
99%
Alina Krawczyk
95%
Danuta Norek
93%
Roman Kurski
71%
Doktor Zawisza
68%
Teściowa Karola
66%
Tygrysek
65%
Jan Marszałek
62%
Inspektor Kopek
56%
Supersierżant król wszystkich sierżantów jednostek desantowych
53%
Edward Rudnik
51%
Ciocia Jadzia
50%
Helena Grzelakowa
50%
Kierownik Barczak
46%
Leopold Misiak
44%
Janek
42%
Ruda
39%
Zenon Kluczny
32%
Nie znaleziono quizów pasujących do podanych kryteriów
Rozkład punktacji
Procent ludzi z każdym wynikiem
Percentyl według liczby udzielonych odpowiedzi
Twoja historia wyników
Nie rozwiązałeś tego quizu